The Kangaroo Issues of Australian stamps (Record no. 2552)

000 -LEADER
fixed length control field 00489nam a22000977a 4500
008 - FIXED-LENGTH DATA ELEMENTS--GENERAL INFORMATION
fixed length control field 171127b xxu||||| |||| 00| 0 eng d
100 ## - MAIN ENTRY--AUTHOR'S NAME
Author's Name Legge, H. Dormer
245 ## - TITLE STATEMENT
Title The Kangaroo Issues of Australian stamps
260 ## - PUBLICATION, DISTRIBUTION, ETC. (IMPRINT)
Place of publication, distribution, etc. Melbourne
Name of publisher, distributor, etc. Orlo Smith & Co
Date of publication, distribution, etc. 1950?
650 ## - TOPICAL TERM (Tag)
Topical term or geographic name Australia | Definitive Issues | 1913-1948 | Kangaroo and Map Issues | Production | Postal Markings | Postal History | 1946 | Errors and Varieties | Plates and Plating | 20th Century | Stamps -- Histories | British Commonwealth
Holdings
Withdrawn status Lost status Source of classification or shelving scheme Damaged status Koha normalized classification for sorting Not for loan Permanent Location Current Location Shelving location Date acquired Total Checkouts Full call number Barcode Date last seen Copy number Price effective from Public note
        G8961 D313 L513   Northern Philatelic Library Northern Philatelic Library Closed Stacks 11/27/2017   G8961 D313 L513 1002821 11/27/2017 1 11/27/2017 Fragil - needs repair

Powered by Koha